000 00405nam a2200181Ia 4500
005 20250423101103.0
008 250422s9999 xx 000 0 und d
020 _a1-56592-322-7
050 _aTK 5105.55 .H86/
100 _aCraig Hunt
245 0 _aTCP/IP Network Administration
260 _aParis
260 _bO'Reilly
260 _c2001
300 _a612 p
650 _aTCP/IP
942 _cBK
999 _c35243
_d35243